00000000nam 2200000za 4500
0019.675053
003CaOODSP
00520250508102504
007cr |||||||||||
008150407|2010||||xxc|||||o    f|0| 0 iku d
020 |a978-0-662-03368-4
040 |aCaOODSP|beng
043 |an-cn---
0861 |aR64-105/81-2010Iku2-PDF|zR64-105/81-2010S-PDF
1102 |aParks Canada.
24510|aTongait KakKasuangita SilakKijapvinga, Torngat Mountains National Park of Canada - management plan 2010 |h[electronic resource].
250 |a[Inuktitut edition].
260 |bParks Canada |cJune 2010.
300 |a75p.|bglossary, maps, references, tables, photographs
546 |aText in Inuktitut.
590 |a10-36|b2010-09-10
69007|aNational parks|2gcpds
77508|tTongait KakKasuangita SilakKijapvinga, Parc national du Canada Monts-Torngat - plan directeur 2010 |w(CaOODSP)9.636772
77508|tTongait KakKasuangita SilakKijapvinga, Parc national du Canada Monts-Torngat - plan directeur 2010 |w(CaOODSP)9.675056
77508|tTongait KakKasuangita SilakKijapvinga, Torngat Mountains National Park of Canada - management plan 2010 |w(CaOODSP)9.692504
7760#|tParc national du Canada des Monts-Torngat - plan directeur 2010 |w(CaOODSP)9.672230
792 |tTongait KakKasuangita SilakKijapvinga, Parc national du Canada Monts-Torngat - plan directeur 2010 |efre|w(CaOODSP)9.675054
85640|ahttp://publications.gc.ca|qPDF|s12681 KB|uhttps://publications.gc.ca/collections/collection_2010/pc/R64-105-81-2010S.pdf